| 000 | 00458pab a2200157 454500 | ||
|---|---|---|---|
| 008 | 180718b2004 xxu||||| |||| 00| 0 eng d | ||
| 100 | _aCameron, Gavin | ||
| 245 | _aPublic esxpenditure in the english regions: measurement problems and (Partial) solutions | ||
| 260 | _c2004 | ||
| 300 | _ap.121-31. | ||
| 362 | _aApr-Jun | ||
| 650 | _aPublic expenditure - Great Britain | ||
| 650 | _aPublic expenditure | ||
| 773 | _aPolitical Quarterly | ||
| 909 | _a61110 | ||
| 999 |
_c61110 _d61110 |
||